[Event "GER-chA U25"]
[Site "Oberhof"]
[Date "2011.06.15"]
[Round "6"]
[White "Prosvetov, Ivan"]
[Black "Meulner, Fabian"]
[Result "1-0"]
[WhiteElo "2045"]
[BlackElo "1823"]
[PlyCount "45"]
[EventDate "2011.06.11"]
[EventType "swiss"]
[EventRounds "9"]
[EventCountry "GER"]
[SourceTitle "CBM 142 Extra"]
[Source "ChessBase"]
[SourceDate "2011.06.27"]
[SourceVersion "1"]
[SourceVersionDate "2011.06.27"]
[SourceQuality "1"]

1. Nf3 c5 2. d4 Nf6 3. c3 cxd4 4. cxd4 d5 5. Nc3 a6 6. Qb3 e6 7. Bg5 Be7 8. e3 Nc6 9. Rc1 0-0 10. Bd3 Na5 11. Qd1 Bd7 12. 0-0 Rc8 13. Ne5 h6 14. Bxf6 Bxf6 15. f4 Nc6 16. Rf3 Nxe5 17. fxe5 Be7 18. Rg3 Kh8 19. Qg4 Rg8 20. Rf1 Be8 21. Rgf3 b5 22. Rxf7 b4 23. Qg6 1-0

[Event "GER-chA U25"]
[Site "Oberhof"]
[Date "2011.06.14"]
[Round "5"]
[White "Papusha, Maxim"]
[Black "Prosvetov, Ivan"]
[Result "1/2-1/2"]
[WhiteElo "1745"]
[BlackElo "2045"]
[PlyCount "73"]
[EventDate "2011.06.11"]
[EventType "swiss"]
[EventRounds "9"]
[EventCountry "GER"]
[SourceTitle "CBM 142 Extra"]
[Source "ChessBase"]
[SourceDate "2011.06.27"]
[SourceVersion "1"]
[SourceVersionDate "2011.06.27"]
[SourceQuality "1"]

1. e4 e6 2. d4 d5 3. Nc3 Bb4 4. e5 c5 5. a3 Bxc3+ 6. bxc3 Qa5 7. Bd2 Nc6 8. Qg4 Kf8 9. Bd3 Qa4 10. Nf3 c4 11. Be2 Qxc2 12. h4 Nge7 13. Qh3 Na5 14. 0-0 h5 15. Bd1 Qb2 16. Ba4 Nb3 17. Rfb1 Qxa1 18. Rxa1 Nxa1 19. Bg5 Nc6 20. g4 Bd7 21. gxh5 Rb8 22. h6 gxh6 23. Bf6 Rg8+ 24. Kh2 b5 25. Ng5 bxa4 26. Qf3 hxg5 27. h5 Nxd4 28. cxd4 Rb3 29. Qd1 c3 30. Qxa1 c2 31. Qe1 Rh8 32. Qd2 Rxh5+ 33. Kg2 Rb8 34. Qxc2 Rc8 35. Qe2 Rh6 36. Bxg5 Rg6 37. Qh5 1/2-1/2

[Event "GER-chA U25"]
[Site "Oberhof"]
[Date "2011.06.13"]
[Round "3"]
[White "Hoffmann, Tim"]
[Black "Prosvetov, Ivan"]
[Result "1-0"]
[WhiteElo "1673"]
[BlackElo "2045"]
[PlyCount "55"]
[EventDate "2011.06.11"]
[EventType "swiss"]
[EventRounds "9"]
[EventCountry "GER"]
[SourceTitle "CBM 142 Extra"]
[Source "ChessBase"]
[SourceDate "2011.06.27"]
[SourceVersion "1"]
[SourceVersionDate "2011.06.27"]
[SourceQuality "1"]

1. e4 e6 2. d4 d5 3. Nd2 Nf6 4. e5 Nfd7 5. Bd3 c5 6. c3 Nc6 7. Ne2 Be7 8. 0-0 Qb6 9. Nf3 0-0 10. b3 Re8 11. Be3 Qc7 12. Rc1 c4 13. Bc2 b5 14. Ng3 a5 15. bxc4 dxc4 16. Ng5 Bxg5 17. Bxg5 Ne7 18. Ne4 Nd5 19. Nd6 Rf8 20. Qh5 g6 21. Qh6 f5 22. Nxb5 Qc6 23. Nd6 Nxc3 24. Bd1 Nxd1 25. Rxc4 Qd5 26. Rxd1 Ba6 27. Rc7 Bc8 28. Bf6 1-0

[Event "GER-chA U25"]
[Site "Oberhof"]
[Date "2011.06.12"]
[Round "2"]
[White "Prosvetov, Ivan"]
[Black "Haeusler, Yannick"]
[Result "1/2-1/2"]
[WhiteElo "2045"]
[BlackElo "1619"]
[PlyCount "94"]
[EventDate "2011.06.11"]
[EventType "swiss"]
[EventRounds "9"]
[EventCountry "GER"]
[SourceTitle "CBM 142 Extra"]
[Source "ChessBase"]
[SourceDate "2011.06.27"]
[SourceVersion "1"]
[SourceVersionDate "2011.06.27"]
[SourceQuality "1"]

1. d4 Nf6 2. Bg5 Ne4 3. Bf4 d5 4. e3 e6 5. Nf3 b6 6. Bd3 Bb7 7. 0-0 Be7 8. Nbd2 Nf6 9. Ne5 0-0 10. Bg5 c5 11. c3 Nbd7 12. f4 cxd4 13. exd4 Ne8 14. Bxe7 Qxe7 15. Rf3 g6 16. Rh3 Nxe5 17. fxe5 f5 18. exf6 Nxf6 19. Qe2 Bc6 20. Re1 Bd7 21. Nf3 Nh5 22. g3 e5 23. Rh4 e4 24. Nd2 Qd6 25. Bc2 Nxg3 26. Qg2 Nf5 27. Rg4 Qf6 28. Rf4 Qg7 29. Bb3 Bc6 30. Rfxe4 Kh8 31. Re5 Rad8 32. Bxd5 Rxd5 33. Rxd5 Ne7 34. Rxe7 Qxe7 35. Re5 Qxe5 36. dxe5 Bxg2 37. Kxg2 Kg7 38. Nf3 h6 39. a4 Rc8 40. Nd2 Kf7 41. Kf3 Ke6 42. Ke4 Rd8 43. Nf3 Rd1 44. b4 Ra1 45. Nd4+ Kf7 46. Kd5 g5 47. Kd6 Re1 1/2-1/2

[Event "Dmitrov op"]
[Site "Dmitrov"]
[Date "2010.08.18"]
[Round "8"]
[White "Khamko, Kristina"]
[Black "Prosvetov, Ivan"]
[Result "0-1"]
[WhiteElo "1636"]
[BlackElo "2105"]
[PlyCount "160"]
[EventDate "2010.08.14"]
[EventType "swiss"]
[EventRounds "9"]
[EventCountry "RUS"]
[SourceTitle "CBM 138 Extra"]
[Source "ChessBase"]
[SourceDate "2010.10.29"]
[SourceVersion "1"]
[SourceVersionDate "2010.10.29"]
[SourceQuality "1"]

1. e4 d6 2. d4 Nf6 3. Nc3 g6 4. Be3 Bg7 5. Qd2 0-0 6. 0-0-0 Re8 7. f4 Ng4 8. h3 Nxe3 9. Qxe3 c6 10. g4 b5 11. f5 Qb6 12. Nf3 e5 13. fxg6 fxg6 14. Qd3 exd4 15. Nxd4 b4 16. Nb1 Ba6 17. Qb3+ d5 18. Bxa6 Nxa6 19. Nf3 Nc5 20. Qe3 Rxe4 21. Qg1 Rae8 22. Nbd2 Re3 23. Re1 Na4 24. b3 Nc3 25. Rxe3 Rxe3 26. Qf2 Nxa2+ 27. Kb1 Nc3+ 28. Kc1 Ne2+ 29. Kd1 Bb2 30. Nb1 Nc3+ 31. Nxc3 Bxc3 32. Rf1 Qa6 33. Qxe3 Qxf1+ 34. Ne1 Qxe1+ 35. Qxe1 Bxe1 36. Kxe1 Kf7 37. Ke2 Ke6 38. Ke3 Ke5 39. h4 h6 40. g5 h5 41. Kd3 c5 42. Ke3 a5 43. Kd3 Kf4 44. Ke2 c4 45. bxc4 dxc4 46. Kd2 a4 47. c3 b3 48. Kc1 a3 49. Kb1 Kg4 50. Kc1 Kxh4 51. Kb1 Kxg5 52. Kc1 Kf4 53. Kd2 a2 54. Ke2 a1N 55. Kd2 b2 56. Ke2 b1N 57. Kd1 Nxc3+ 58. Kc1 Ne4 59. Kd1 Nb3 60. Kc2 h4 61. Kb2 Nd4 62. Ka3 c3 63. Kb4 c2 64. Kc4 Nf3 65. Kd5 c1N 66. Ke6 h3 67. Kf7 g5 68. Ke6 h2 69. Kd5 h1N 70. Ke6 Nd3 71. Kd5 Nhf2 72. Ke6 Nd1 73. Kd5 Ne3+ 74. Ke6 Nd4+ 75. Kf7 Nd5 76. Kg6 Ne5+ 77. Kh5 Ne7 78. Kh6 Ne6 79. Kh5 Nf6+ 80. Kh6 Nf7# 0-1

[Event "Dmitrov op"]
[Site "Dmitrov"]
[Date "2010.08.17"]
[Round "6"]
[White "Prosvetov, Ivan"]
[Black "Kalinin, Nikita"]
[Result "0-1"]
[WhiteElo "2105"]
[BlackElo "2060"]
[PlyCount "106"]
[EventDate "2010.08.14"]
[EventType "swiss"]
[EventRounds "9"]
[EventCountry "RUS"]
[SourceTitle "CBM 138 Extra"]
[Source "ChessBase"]
[SourceDate "2010.10.29"]
[SourceVersion "1"]
[SourceVersionDate "2010.10.29"]
[SourceQuality "1"]

1. d4 d5 2. Nf3 Nf6 3. e3 c5 4. c3 Nc6 5. Nbd2 e6 6. b3 a6 7. Bb2 Be7 8. Be2 0-0 9. 0-0 b6 10. Ne5 Nxe5 11. dxe5 Nd7 12. c4 Bb7 13. Bd3 Qc7 14. cxd5 exd5 15. Be2 Nxe5 16. Qc2 Bf6 17. Nf3 Nxf3+ 18. Bxf3 Bxb2 19. Qxb2 Rfd8 20. Rfd1 Rd6 21. h3 Rad8 22. Qe5 f6 23. Qf4 Qe7 24. Rac1 Qe5 25. Qa4 Bc8 26. Rc2 Bxh3 27. gxh3 Qf5 28. Bxd5+ Rxd5 29. Rxd5 Qxd5 30. Rc1 Qf3 31. Qc4+ Kf8 32. Qxa6 Rd5 33. Qf1 Rd2 34. a4 g6 35. Rb1 Kg7 36. Qe1 Qd5 37. Kh2 Qd3 38. Kg1 h5 39. Kg2 Qe4+ 40. Kg1 Qd3 41. Kg2 Re2 42. Qc1 Qe4+ 43. Kg1 Qf5 44. Qf1 Rxf2 45. Qxf2 Qxb1+ 46. Kg2 Qxb3 47. Qg3 Qb2+ 48. Kf3 Qe5 49. Qh4 Qd5+ 50. Ke2 c4 51. Qg3 Qe5 52. Qf3 Qh2+ 53. Ke1 c3 0-1

[Event "Dmitrov op"]
[Site "Dmitrov"]
[Date "2010.08.16"]
[Round "5"]
[White "Dobrynina, Aleksandra"]
[Black "Prosvetov, Ivan"]
[Result "1-0"]
[WhiteElo "1880"]
[BlackElo "2105"]
[PlyCount "93"]
[EventDate "2010.08.14"]
[EventType "swiss"]
[EventRounds "9"]
[EventCountry "RUS"]
[SourceTitle "CBM 138 Extra"]
[Source "ChessBase"]
[SourceDate "2010.10.29"]
[SourceVersion "1"]
[SourceVersionDate "2010.10.29"]
[SourceQuality "1"]

1. d4 d5 2. c4 e6 3. Nc3 c6 4. Bf4 Bd6 5. Bxd6 Qxd6 6. e3 f5 7. Nf3 Nd7 8. cxd5 exd5 9. Bd3 Ne7 10. Qc2 Nf6 11. Ne5 Be6 12. Rc1 0-0 13. 0-0 Ne4 14. f3 Nxc3 15. Qxc3 Rf6 16. b4 a6 17. a4 Bd7 18. Qc5 Qxc5 19. bxc5 Rd8 20. Rb1 Bc8 21. a5 f4 22. Rfe1 h6 23. g3 fxg3 24. hxg3 g5 25. Kg2 Kg7 26. Rh1 Rh8 27. g4 Kf8 28. Rh2 Ke8 29. Kg3 Kf8 30. Rbh1 Kg7 31. f4 gxf4+ 32. exf4 Rg8 33. Kf3 Rgf8 34. f5 Ng6 35. Ke3 Nxe5 36. dxe5 Re8 37. Kd4 Rf7 38. Rxh6 Rg8 39. Rg6+ Kf8 40. Rxg8+ Kxg8 41. e6 Rg7 42. Be2 Rg5 43. Rh5 Rg7 44. f6 Rg6 45. f7+ Kg7 46. Rf5 Rxe6 47. f8Q+ 1-0

[Event "Dmitrov op"]
[Site "Dmitrov"]
[Date "2010.08.15"]
[Round "2"]
[White "Prosvetov, Ivan"]
[Black "Belotserkovsky, Dmitry"]
[Result "0-1"]
[WhiteElo "2105"]
[BlackElo "1978"]
[PlyCount "128"]
[EventDate "2010.08.14"]
[EventType "swiss"]
[EventRounds "9"]
[EventCountry "RUS"]
[SourceTitle "CBM 138 Extra"]
[Source "ChessBase"]
[SourceDate "2010.10.29"]
[SourceVersion "1"]
[SourceVersionDate "2010.10.29"]
[SourceQuality "1"]

1. d4 Nf6 2. Bf4 e6 3. e3 c5 4. c3 Nc6 5. Nd2 Be7 6. h3 b6 7. Ngf3 Bb7 8. Be2 0-0 9. 0-0 d5 10. Bd3 cxd4 11. exd4 a6 12. Re1 b5 13. a3 Na5 14. Ne5 Nc4 15. Qb3 Nh5 16. Bh2 Nxd2 17. Qd1 Nc4 18. Qxh5 f5 19. Qe2 Nd6 20. Nf3 Ne4 21. Be5 Bf6 22. a4 bxa4 23. Rxa4 a5 24. Rea1 Bc6 25. R4a2 Be8 26. Bxf6 gxf6 27. Ne1 Qb6 28. Qc2 Kh8 29. f3 Ng3 30. Qf2 Rg8 31. Nc2 Bb5 32. Bxb5 Qxb5 33. Re1 Qe8 34. Ne3 Qg6 35. b4 Nh5 36. Kh2 Nf4 37. Rd1 axb4 38. Rxa8 Rxa8 39. cxb4 Ra3 40. Nc2 Ra2 41. Rd2 Nh5 42. Ne1 Ra1 43. b5 Nf4 44. b6 Qe8 45. Qg3 Qb8 46. Nd3 e5 47. Rc2 Nh5 48. b7 Qxb7 49. Qh4 e4 50. fxe4 fxe4 51. Nf4 Qb8 52. Qxh5 Qxf4+ 53. g3 Qd6 54. Rc8+ Kg7 55. Qg4+ Kh6 56. h4 Ra2+ 57. Kh3 Ra7 58. Rg8 Qd7 59. Qxd7 Rxd7 60. g4 Re7 61. Kg3 e3 62. g5+ fxg5 63. hxg5+ Kh5 64. g6 e2 0-1

[Event "Kimry Winter"]
[Site "Kimry"]
[Date "2010.01.25"]
[Round "6"]
[White "Makhnev, Yuri"]
[Black "Prosvetov, Ivan"]
[Result "1/2-1/2"]
[WhiteElo "1877"]
[BlackElo "2123"]
[PlyCount "118"]
[EventDate "2010.01.23"]
[EventType "swiss"]
[EventRounds "8"]
[EventCountry "RUS"]
[SourceTitle "EXT 2022"]
[Source "ChessBase"]
[SourceDate "2021.10.06"]
[SourceVersion "1"]
[SourceVersionDate "2021.10.06"]
[SourceQuality "1"]

1. Nf3 d5 2. d4 e6 3. c4 c6 4. Nc3 Bd6 5. Qc2 f5 6. Bg5 Nf6 7. cxd5 exd5 8. Ne5 0-0 9. f4 Qb6 10. e3 Ne4 11. Bh4 Bxe5 12. fxe5 Be6 13. Nxe4 fxe4 14. Be7 Rf7 15. Bd6 Na6 16. a3 Qa5+ 17. Qc3 Qb6 18. Bxa6 Qxa6 19. 0-0-0 Bg4 20. Rd2 Rf1+ 21. Rxf1 Qxf1+ 22. Kc2 Be2 23. b3 Bd3+ 24. Rxd3 exd3+ 25. Qxd3 Qxg2+ 26. Kc3 Qxh2 27. Qf5 Qh6 28. Kd2 g5 29. Be7 Qg6 30. Qd7 g4 31. Bf6 g3 32. Qe6+ Kf8 33. Qe7+ Kg8 34. Qe6+ Qf7 35. Qg4+ Kf8 36. Qxg3 Re8 37. Qf4 Re6 38. Qf5 a6 39. a4 Ke8 40. b4 b6 41. Qd3 b5 42. axb5 axb5 43. Qa3 Rxf6 44. Qa8+ Ke7 45. exf6+ Qxf6 46. Qb7+ Kd8 47. Qxh7 Qf2+ 48. Kd3 Qf1+ 49. Kd2 Qg2+ 50. Kc3 Qe4 51. Qg8+ Kc7 52. Qf7+ Kb6 53. Qf2 Qb1 54. Qc2 Qxc2+ 55. Kxc2 Kc7 56. Kd3 Kd6 57. Ke2 Ke6 58. Kf2 Kf6 59. Kg2 Kg6 1/2-1/2

[Event "Kimry Winter"]
[Site "Kimry"]
[Date "2010.01.23"]
[Round "1"]
[White "Prosvetov, Ivan"]
[Black "Bolgov, Ilia"]
[Result "1-0"]
[WhiteElo "2123"]
[BlackElo "1692"]
[PlyCount "45"]
[EventDate "2010.01.23"]
[EventType "swiss"]
[EventRounds "8"]
[EventCountry "RUS"]
[SourceTitle "EXT 2022"]
[Source "ChessBase"]
[SourceDate "2021.10.06"]
[SourceVersion "1"]
[SourceVersionDate "2021.10.06"]
[SourceQuality "1"]

1. d4 d5 2. Bf4 Nf6 3. e3 e6 4. c4 b6 5. Nf3 Bb7 6. Nc3 Be7 7. Qb3 0-0 8. c5 a6 9. h3 h6 10. Rc1 Ra7 11. cxb6 cxb6 12. Bd3 Nc6 13. 0-0 Qd7 14. Qxb6 Rc8 15. Na4 Bd8 16. Qb3 Na5 17. Qa3 Be7 18. Nc5 Bxc5 19. Qxa5 Be7 20. Qb6 Rca8 21. Ne5 Bd8 22. Nxd7 Bxb6 23. Nxb6 1-0